| 000 | 00935nam a2200193 a 4500 | ||
|---|---|---|---|
| 008 | 080313s1995 ||||||||||||||||| || u | ||
| 020 | _a0028268288 | ||
| 050 | _aQ 182.3 Sci | ||
| 245 | 0 | 0 | _aScience interactions : course 2 |
| 260 |
_aNew York _bGlencoe _c1995 |
||
| 300 | _ax, 106p. : ill. | ||
| 350 | _a0.00 | ||
| 490 | _aScience Discovery Activities | ||
| 650 | 7 |
_aSCIENCE _2fast |
|
| 650 | _aSCIENCE--SKILLS | ||
| 995 |
_aMAIN LIBRARY OPEN ACCESS _D0.00 _e737195 _FCBU-MAIN LIBRARY (Kitwe) _H1 _I0.00 _jQ 182.3 SCI _M1 _UAVAILABLE _WMar 13, 2008 _y41102 _ZMain Library Open Access Collection |
||
| 995 |
_aANNEX COLLECTION (Main Library) _D0.00 _e737196 _FCBU-MAIN LIBRARY (Kitwe) _H1 _I0.00 _jQ 182.3 SCI _M3 _UAVAILABLE _WMar 13, 2008 _y41105 _ZAnnex Low-Usage Collection |
||
| 995 |
_aMAIN LIBRARY OPEN ACCESS _D0.00 _e737197 _FCBU-MAIN LIBRARY (Kitwe) _H1 _I0.00 _jQ 182.3 SCI _M2 _UAVAILABLE _WMar 13, 2008 _y41104 _ZMain Library Open Access Collection |
||
| 999 |
_c80354 _d80354 |
||